Hindi sahitya ka itihas (Record no. 6992)

MARC details
000 -LEADER
fixed length control field 00512cam a2200205ua 4500
008 - FIXED-LENGTH DATA ELEMENTS--GENERAL INFORMATION
fixed length control field 141229n ii |||gr||||Z||||||hin
020 ## - INTERNATIONAL STANDARD BOOK NUMBER
International Standard Book Number 8185826714
040 ## - CATALOGING SOURCE
Transcribing agency MAIN
041 ## - LANGUAGE CODE
-- hin
082 ## - DEWEY DECIMAL CLASSIFICATION NUMBER
Classification number 891.43
100 ## - MAIN ENTRY--PERSONAL NAME
Personal name Kapoor, S. Ch.,
Relator term
245 1# - TITLE STATEMENT
Title Hindi sahitya ka itihas
Statement of responsibility, etc. By Shyam Chandra Kapoor
250 ## - EDITION STATEMENT
Edition statement 1st.
260 ## - PUBLICATION, DISTRIBUTION, ETC.
Place of publication, distribution, etc. New Delhi:
Name of publisher, distributor, etc. Granth,
Date of publication, distribution, etc. 1998.
300 ## - PHYSICAL DESCRIPTION
Extent 348p.
942 ## - ADDED ENTRY ELEMENTS (KOHA)
Koha item type Books
653 ## - INDEX TERM--UNCONTROLLED
Uncontrolled term East Indo-European & Celtic literatures
653 ## - INDEX TERM--UNCONTROLLED
Uncontrolled term Hindi literature
Holdings
Withdrawn status Lost status Damaged status Not for loan Home library Current library Shelving location Date acquired Total Checkouts Full call number Barcode Date last seen Date last checked out Copy number Price effective from Koha item type
        Central Library, Naharkatiya College Central Library, Naharkatiya College General Stacks 19/09/2020 3 891.43 | KAP 6702 07/12/2022 17/11/2022 1 19/09/2020 Books

Naharkatiya College © 2020. All rights reserved.

Powered By